| 000 | 00777nas a2200265 4500 | ||
|---|---|---|---|
| 001 | BR8502049 | ||
| 003 | BR-BrBNA | ||
| 005 | 20231205090156.0 | ||
| 007 | ta | ||
| 008 | 230509b bl.|||p| |||| 00| 00por d | ||
| 040 |
_aBR-BrBNA _bpor _cBiblioteca Nacional de Agricultura |
||
| 041 | _a(Pt) | ||
| 072 | _aH10 | ||
| 100 | 1 | _aMartins, A.J. | |
| 100 | 1 | _aMacedo, J.H.P. | |
| 100 | 1 | _aSantos, H.R. | |
| 100 | 1 | _aCordeiro, L. | |
| 245 | 1 | _aMelanolophia apicalis (Warren, 1900)(geometridae)em Pinus patula no Parana [Pinheiro, Brasil] | |
| 650 | _aPINHEIRO | ||
| 650 | _aLEPIDOPTERO | ||
| 650 | _aPARANÁ | ||
| 773 | 0 |
_tFloresta (Brazil) _xISSN 0015-3826 _g(Jun 1984), v. 15(1-2) p. 81-85 _wBR8502049 |
|
| 909 |
_a202311 _bLúcia _c55 _dLúcia Elande |
||
| 942 |
_2AGRIS _n0 _cANA |
||
| 999 |
_c116577 _d116577 |
||